La musique des années 2000 - Statistiques

Statistiques générales
  • Ce quiz a été pris 403 fois
  • Le résultat moyen est 14 sur 20
Statistiques - réponses
Indice Réponse % Correct
Groupe français d’électro reconnaissable à ses membres casqués sur scène Daft Punk
95%
Rappeuse ayant marqué les années 2000 avec sa chanson "La boulette" Diam's
89%
Chanteuse du titre "Umbrella", en feat avec Jay-Z Rihanna
88%
DJ français ayant connu un succès international à partir de 2002 David Guetta
87%
Artiste décédé en 2007 des suites de la mucoviscidose Grégory Lemarchal
81%
Titre de la chanson d’Amel Bent dont le refrain évoque le fait de “viser la lune” Ma philosophie
81%
Groupe français à l’origine du tube “Dernière danse” Kyo
80%
Pseudonyme musical de Michael Youn Fatal Bazooka
74%
Complétez les paroles de cette chanson de Sheryfa Luna : "Il avait les mots, __ ______ _____" M’a rendue accro
74%
Chanson d’Helmut Fritz où un Parisien se plaint de tout ce qui l’agace Ça m'énerve
73%
Rappeur américain ayant vendu le plus d'album sur la décennie Eminem
71%
Chanson d’Alizée inspirée d’une héroïne du roman de Nabokov Moi… Lolita
69%
Chanteuse révélée par la Star Academy en 2002 Jenifer
68%
Grenouille ayant notamment interprété le tube "Axel F" Crazy Frog
65%
Rappeur ayant vécu à Marly-Gomont Kamini
58%
Chanteuse à l’origine du titre “Garçon” Koxie
57%
Artiste décédé le 25 juin 2009 Michael Jackson
57%
Chanteur de "Ces soirées-là" Yannick
56%
Nom de l'artiste étant la figure centrale du groupe Indochine Nicola Sirkis
50%
Rappeur français ayant popularisé l’expression “banlieusards” dans une chanson Kery James
17%
Aucun quiz correspondant
Distribution des résultats
% des personnes avec chaque résultat
Percentile par nombre de réponses
Votre historique - résultats
Vous n’avez pas pris ce quiz